000 00520nam a2200181Ia 4500
008 100920s9999 xx 000 0 und d
082 _b56581
_a24 थ 91
100 _aमंगेशकर गीता.
245 _aअलौकिक.
260 _bप्रिया प्रकाशन,मुंबई 4.
_c1991
300 _a248
_bसाधी
365 _b100
520 _aसायो.
630 _aअलौकिक.
650 _aसायो.
730 _aअलौकिक.
942 _cBOOK
999 _c700632
_d700629